The Contemporary flower arranger : a fresh, new approach to creating glorious displays.
| Main Author: | |
|---|---|
| Other Authors: | |
| Format: | Book |
| Published: |
Singapore:
Words & Visuals Press,
2011.
|
| Edition: | Asian ed.. |
| Subjects: |
| LEADER | 00532cam a2200169 7i4500 | ||
|---|---|---|---|
| 001 | 0000032377 | ||
| 005 | 20150427090000.0 | ||
| 020 | 0 | 0 | |a 9789810888398 |
| 090 | 0 | 0 | |a B 745.92 |b OWE (LRM) |
| 100 | 1 | 0 | |a Owen, Lynda |
| 245 | 1 | 4 | |a The Contemporary flower arranger : |b a fresh, new approach to creating glorious displays. |
| 250 | 0 | 0 | |a Asian ed.. |
| 260 | 0 | 0 | |a Singapore: |b Words & Visuals Press, |c 2011. |
| 300 | # | # | |a 208 pages. |
| 650 | 0 | 0 | |a Flower arrangement |
| 700 | 1 | 0 | |a Wilkins, Philip |
| 999 | |a 0000035972 |b Book |c Book |e Business Information Centre | ||


